Marseille Culture - Statistiques

Statistiques générales
  • Ce quiz a été pris 395 fois
    378 depuis la dernière actualisation
  • Le résultat moyen est 13 sur 26
Statistiques - réponses
Questions Réponses % Correct
Stade de la ville Orange Vélodrome
93%
Édifice qui surplombe la ville Notre Dame de la Garde
88%
Nombre d'arrondissements 16
87%
Groupe de RAP Marseillais légendaire IAM
83%
Nom antique de la Ville Massalia
75%
boisson iconique de Marseille Ricard
74%
Calanque qui commence par un "S" la plus à l'Ouest Sormiou
73%
Île au large de Marseille Frioul
71%
Célèbre avenue de Marseille Canebière
66%
Célèbre écrivain Marseillais Marcel Pagnol
63%
Château ayant servi de prison If
59%
Cité Universitaire dans les collines Luminy
56%
Nombre de groupe de supporters de l'OM 7
51%
Nombre de Station de Métro 28
46%
le BOSS Bernard Tapie
46%
Le bout du monde Marseillais Goudes
46%
Date du la victoire de l'OM en final de Ligue des Champions 26 mai 1993
43%
Fort à l'entrée du Vieux Port Saint Jean
43%
Joueur le plus capé de l'OM Mandanda
40%
Pays ayant une ville nommé Marseilles États-Unis
30%
Célèbre acteur Marseillais Fernandel
25%
Groupe Marseillais de Ragga Occitan Massilia Sound System
16%
Station de métro portant le nom de la princesse de Pontecorvo Désirée Clary
13%
Célèbre créateur de boules de pétanques La boule bleu
10%
Superficie Marseille (km²) 240
7%
Grand hôtel proche du vieux port Hôtel Dieu Intercontinental
2%
Aucun quiz correspondant
Distribution des résultats
% des personnes avec chaque résultat
Percentile par nombre de réponses
Votre historique - résultats
Vous n’avez pas pris ce quiz depuis la dernière actualisation